000
00298nam a2200109Ia 4500
008
200302s9999 xx 000 0 und d
100
_a
Geoffrey Broadbent
245
_a
Design in Architecture architecure and the human sciences
260
_b
John Willey and Sons Inc.
260
_c
1973
300
_a
504
999
_c
7255
_d
7255